| 000 | 00000nam##2200000za#4500 |
| 001 | 9.661581 |
| 003 | CaOODSP |
| 005 | 20200401064121 |
| 007 | ta |
| 008 | 150407|2000||||xxc||||| f|0| 0 eng|d |
| 020 | |a0-662-64714-9 |
| 040 | |aCaOODSP|beng |
| 041 | |aeng |
| 041 | |afre |
| 043 | |an-cn--- |
| 086 | 1 |aR62-323/2000-1 |
| 110 | 1 |aCanada.|bCanadian Heritage. |bParks Canada. |
| 245 | 10|aUnimpaired for future generations? : |bConserving ecological integrity with Canada's national parks. Volume 1: a call to action / |cIssued by the Panel on the Ecological Integrity of Canada's National Parks. |
| 260 | |aOttawa - Ontario : |bCanadian Heritage. |c2000. |
| 300 | |aEnglish text, vi, 21p. : |bcoloured illus. ; |c28 cm. |
| 546 | |aBilingual |
| 563 | |aSoftcover |
| 590 | |a00-20|b2000-05-19 |
| 690 | 07|aNational parks|2gcpds |
| 690 | 07|aEcology|2gcpds |
| 690 | 07|aEnvironmental protection|2gcpds |
| 776 | 0#|tIntacts pour les générations futures? Volume I, Le temps d'agir : |w(CaOODSP)9.630366 |
| 776 | 0#|tUnimpaired for future generations? Volume I, A call to action : |w(CaOODSP)9.685777 |
| 776 | 0#|tIntacts pour les générations futures? : |w(CaOODSP)9.661890 |
| 792 | |tIntacts pour les générations futures? : |efre|w(CaOODSP)9.661582 |